000 00802nam a22002297a 4500
005 20081022121154.0
008 081022t xxu||||| |||| 00| 0 eng d
010 _aENG-84311
020 _a0195679229
020 _c695.00 (hb)
035 _aEN-67844
082 _a320.55
245 _aHindu nationalism and governance /
_cedited by John McGuire and Ian Copland
260 _aNew Delhi
_bOxford University Press
260 _c2007
300 _axi,476p
_c22cm
500 _aIncludes bibliographical references
700 _aCopland, Ian
_ced
700 _aMcGuire, John
_ced
942 _2ddc
_cEN
_h320.55
_mHIN
999 _c17649
_d17649